|
|
|
|
| LEADER |
01107nam a22003014a 4500 |
| 001 |
15122 |
| 003 |
BD-DhAAL |
| 005 |
20230124101205.0 |
| 008 |
170913s2001 enk b 001 0 eng |
| 010 |
|
|
|a 2001002917
|
| 020 |
|
|
|a 0714652288 (cloth)
|
| 020 |
|
|
|a 0714683140
|
| 040 |
|
|
|a DLC
|c DLC
|d DLC
|d BD-DhAAL
|
| 082 |
0 |
0 |
|a 320.01
|2 21
|
| 100 |
1 |
|
|a Dror, Yehezkel,
|d 1928-
|9 22133
|
| 245 |
1 |
4 |
|a The capacity to govern :
|b a report to the Club of Rome /
|c Yehezkel Dror.
|
| 260 |
|
|
|a London ;
|a Portland, OR :
|b F. Cass,
|c 2001.[Reprinted 2002]
|
| 300 |
|
|
|a xvi, 264 p. ;
|c 25 cm.
|
| 504 |
|
|
|a Includes bibliographical references (p. 224-251) and index.
|
| 526 |
|
|
|a BIGD
|
| 541 |
|
|
|e 15122
|
| 650 |
|
0 |
|a Political science.
|9 22134
|
| 650 |
|
0 |
|a Public administration.
|9 22135
|
| 710 |
2 |
|
|a Club of Rome.
|9 22136
|
| 856 |
4 |
2 |
|3 Publisher description
|u http://www.loc.gov/catdir/enhancements/fy0652/2001002917-d.html
|
| 942 |
|
|
|2 ddc
|c BK
|
| 999 |
|
|
|c 38290
|d 38290
|
| 952 |
|
|
|0 0
|1 0
|2 ddc
|4 0
|6 320_010000000000000_DRO
|7 0
|9 61130
|a IGS
|b IGS
|c GEN
|d 2017-09-13
|e BIGD
|l 0
|o 320.01 DRO
|p 3010015122
|r 2017-09-13
|t 1
|w 2017-09-13
|y BK
|